Art of successful living / (Record no. 199335)

MARC details
000 -LEADER
fixed length control field 01166cam a2200277 a 4500
003 - CONTROL NUMBER IDENTIFIER
control field dpl
005 - DATE AND TIME OF LATEST TRANSACTION
control field 20231213155858.0
008 - FIXED-LENGTH DATA ELEMENTS--GENERAL INFORMATION
fixed length control field 080828t xxu||||| |||| 00| 0 eng d
010 ## - LIBRARY OF CONGRESS CONTROL NUMBER
LC control number B-756046-050
020 ## - INTERNATIONAL STANDARD BOOK NUMBER
International Standard Book Number 9788183821742
Terms of availability 250.00
035 ## - SYSTEM CONTROL NUMBER
System control number B-756046-050
037 ## - SOURCE OF ACQUISITION
Source of stock number/acquisition Lotus Press
040 ## - CATALOGING SOURCE
Original cataloging agency DPL
Language of cataloging English
Transcribing agency 0
082 ## - DEWEY DECIMAL CLASSIFICATION NUMBER
Classification number 646.7
100 ## - MAIN ENTRY--PERSONAL NAME
Personal name Kapoor, Vimal
9 (RLIN) 59242
245 ## - TITLE STATEMENT
Title Art of successful living /
Statement of responsibility, etc by Vimal Kapoor
260 ## - PUBLICATION, DISTRIBUTION, ETC. (IMPRINT)
Place of publication, distribution, etc New Delhi
Name of publisher, distributor, etc Lotus Press
Date of publication, distribution, etc 2023
270 ## - ADDRESS
Address 4735/22 , Prakash Deep Building Ansari Road, Darya Ganj,
City New Delhi
Postal code 110002
300 ## - PHYSICAL DESCRIPTION
Extent 176 p.:
Dimensions 22cm (pbk)
520 ## - SUMMARY, ETC.
Summary, etc Contributed papers presented at a seminar organized by Centre for Central Eurasian Studies, University of Mumbai in February-March 2005.
650 ## - SUBJECT ADDED ENTRY--TOPICAL TERM
Topical term or geographic name as entry element Health
9 (RLIN) 59243
650 ## - SUBJECT ADDED ENTRY--TOPICAL TERM
Topical term or geographic name as entry element Success
General subdivision Religious aspects
9 (RLIN) 59244
650 ## - SUBJECT ADDED ENTRY--TOPICAL TERM
Topical term or geographic name as entry element Success
General subdivision Psychological aspects
9 (RLIN) 59245
942 ## - ADDED ENTRY ELEMENTS (KOHA)
Source of classification or shelving scheme Dewey Decimal Classification
Koha item type English Books
Call number suffix KAP
Classification part 646.7
Holdings
Withdrawn status Lost status Source of classification or shelving scheme Damaged status Not for loan Collection code Home library Current library Date acquired Source of acquisition Cost, normal purchase price Total Checkouts Total Renewals Full call number Barcode Date last seen Date checked out Copy number Cost, replacement price Price effective from Koha item type
    Dewey Decimal Classification     Non-fiction Ashok Vihar Ashok Vihar 13/12/2023 Lotus Press/198/27.12.23/41/23.11.23/1.12.23 250.00 1 1 KAP 646.7 B-756047 23/03/2024 24/02/2024 2 250.00 13/12/2023 English Books
    Dewey Decimal Classification     Non-fiction Central Library Central Library 13/12/2023 Lotus Press/198/27.12.23/41/23.11.23/1.12.23 250.00 2 2 KAP 646.7 B-756046 24/05/2024 07/05/2024 1 250.00 13/12/2023 English Books
    Dewey Decimal Classification     Non-fiction Diz Area Diz Area 13/12/2023 Lotus Press/198/27.12.23/41/23.11.23/1.12.23 250.00     KAP 646.7 B-756048 13/12/2023   3 250.00 13/12/2023 English Books
    Dewey Decimal Classification     Non-fiction Janak Puri Janak Puri 13/12/2023 Lotus Press/198/27.12.23/41/23.11.23/1.12.23 250.00 4 2 KAP 646.7 B-756049 02/03/2026 28/02/2026 4 250.00 13/12/2023 English Books
    Dewey Decimal Classification     Non-fiction Shahdara Branch Shahdara Branch 13/12/2023 Lotus Press/198/27.12.23/41/23.11.23/1.12.23 250.00 1   KAP 646.7 B-756050 12/05/2026 25/04/2026 5 250.00 13/12/2023 English Books

© Delhi Public Library
Hit Counter
free hit counter